Standard variations and language ideologies in different language cultures around the world : (Record no. 612462)

MARC details
000 -LEADER
fixed length control field 00589nam a2200193 a 4500
008 - FIXED-LENGTH DATA ELEMENTS--GENERAL INFORMATION
fixed length control field 260214s2005##################000#0#eng##
020 ## - INTERNATIONAL STANDARD BOOK NUMBER
ISBN 9783631532126
082 04 - DEWEY DECIMAL CLASSIFICATION NUMBER
Classification number 306.44
Item number MUH
100 1# - MAIN ENTRY--AUTHOR NAME
Personal name Muhr, Rudolf,
245 10 - TITLE STATEMENT
Title Standard variations and language ideologies in different language cultures around the world :
260 ## - PUBLICATION, DISTRIBUTION, ETC. (IMPRINT)
Name of publisher Peter Lang Pub Incorporated,
Year of publication 2005.
300 ## - PHYSICAL DESCRIPTION
Number of Pages 426 pages
650 #0 - SUBJECT ADDED ENTRY--TOPICAL TERM
Topical Term Language Arts & Disciplines.
942 ## - ADDED ENTRY ELEMENTS (KOHA)
Koha item type English Books
Holdings
Withdrawn status Lost status Damaged status Not for loan Home library Current library Date acquired Full call number Accession Number Price effective from Koha item type
        Anna Centenary Library Anna Centenary Library 14.02.2026 306.44 MUH 222980 14.02.2026 English Books

Find us on the map